000 00686nam a22001937a 4500
999 _c138983
_d138983
005 20230317151037.0
010 _aENG-117846
020 _a9789350692356
_c60.00
035 _aEN-101378
037 _bDBAD/PUB
082 _a230.51
245 _aThe Dharmic challenge :
_cEdited by Judy Warner
_bputting sathya Sai Baba's teachings into practice/
260 _aAndhra Pradesh
_bSri Sathya Sai Sadhna Trust Publications Division
_c2016
270 _aPrasanthi Nilayam,Anantpur Nilayam
_bAndhra Pradesh
_e515134
300 _avi,,160p. :
_c22cm(pbk)
_bill.
500 _aIncludes bibliographical references
700 _aWarner,Judy
942 _2ddc
_cEN
_mTHE
_h230.51